| 000 | 00474nam a2200205Ia 4500 | ||
|---|---|---|---|
| 003 | LK-CoDNM | ||
| 005 | 20240823113216.0 | ||
| 008 | 010623t1895 xxu||||| |||| 00| 1 eng d | ||
| 040 |
_aLK-CoDNM _dLK-CoDNM _eLK-CoDNM |
||
| 041 | _aeng | ||
| 080 |
_a7 _bP1 |
||
| 100 | _aFurneaux,J.H | ||
| 245 | _aGlimpses of India | ||
| 260 |
_bC.G.Burrows _aBombay _c1895 |
||
| 300 | _bXV, 542ILL ; 28 cm | ||
| 650 | _aArmy | ||
| 650 | _aCities | ||
| 650 | _aMadras | ||
| 942 | _cBK | ||
| 999 |
_c84053 _d84053 |
||